[Event "The USA Championship 2019"]
[Site "Saint Louis USA"]
[Date "2019.03.27"]
[Round "7"]
[White "Xiong, Jeffery"]
[Black "So, Wesley"]
[Result "1/2-1/2"]
[WhiteElo "2663"]
[BlackElo "2762"]
[PlyCount "79"]
[EventDate "2019.03.20"]

1. d4 Nf6 2. c4 g6 3. Nc3 d5 4. Nf3 Bg7 5. Bf4 O-O 6. Rc1 dxc4 7. e3 Be6 8. Ng5
Bd5 9. e4 h6 10. exd5 hxg5 11. Bxg5 Nxd5 12. Bxc4 Nb6 13. Bb3 Nc6 14. d5 Nd4
15. O-O Re8 16. h4 Qd7 17. a4 Nxb3 18. Qxb3 Bxc3 19. Rxc3 Qxd5 20. Qc2 Rad8 21.
Rxc7 Rc8 22. Re1 Rxc7 23. Qxc7 e5 24. a5 Nd7 25. b4 Nf8 26. Bf6 Nd7 27. Be7 Kg7
28. Bg5 Nf8 29. Bf4 Nd7 30. Bg5 Nf8 31. Qc3 f6 32. Be3 a6 33. Qc1 Qf7 34. Bh6+
Kh7 35. Bxf8 Qxf8 36. Qc7+ Re7 37. Qb6 Rd7 38. Rc1 Qe7 39. g3 f5 40. Qc5
1/2-1/2

[Event "The USA Championship 2019"]
[Site "Saint Louis USA"]
[Date "2019.03.27"]
[Round "7"]
[White "Gareyev, Timur"]
[Black "Caruana, Fabiano"]
[Result "0-1"]
[WhiteElo "2557"]
[BlackElo "2828"]
[PlyCount "250"]
[EventDate "2019.03.20"]

1. Nf3 d5 2. d4 Nf6 3. c4 dxc4 4. e3 e6 5. Bxc4 c5 6. O-O a6 7. dxc5 Bxc5 8.
Qxd8+ Kxd8 9. Rd1+ Ke7 10. Be2 b6 11. Ne5 Bb7 12. Nd2 Rd8 13. Nd3 Bd6 14. Nc4
Bc7 15. b3 Nc6 16. Ba3+ Ke8 17. Bf3 Nd5 18. Nf4 b5 19. Nxd5 exd5 20. Nd2 Be5
21. Rab1 b4 22. Bb2 Bc3 23. Nf1 Bxb2 24. Rxb2 Ne5 25. Ng3 Rac8 26. Rbd2 Rc5 27.
Nf5 g6 28. Nd4 a5 29. a3 bxa3 30. Ra2 Nc6 31. h3 Nb4 32. Rxa3 Kd7 33. g4 Kc7
34. Kg2 Kb6 35. h4 Rc3 36. Rda1 Ra8 37. g5 Bc6 38. Rd1 Rd8 39. Rda1 Rc5 40. Rd1
Bd7 41. Kg3 Rdc8 42. Raa1 Be6 43. h5 Rc3 44. Rab1 Rg8 45. Rh1 Nc6 46. Nxc6 Rxc6
47. hxg6 Rxg6 48. Kf4 Rc2 49. Rbf1 Rb2 50. Bd1 a4 51. bxa4 Rb4+ 52. Kf3 Rxg5
53. Ke2 d4 54. Rfg1 Rd5 55. exd4 Rbxd4 56. f3 h5 57. Kf2 Rd2+ 58. Ke3 R5d3+ 59.
Kf4 h4 60. Re1 Rd4+ 61. Ke3 f5 62. Be2 f4+ 63. Kf2 h3 64. Rb1+ Ka7 65. Ke1 Ra2
66. Bf1 Rd5 67. Bxh3 Rh5 68. Bg2 Rxh1+ 69. Bxh1 Rh2 70. Bg2 Rxg2 71. Rb4 Bd5
72. Rxf4 Kb6 73. a5+ Kc5 74. a6 Ra2 75. a7 Rxa7 76. Kf2 Kd6 77. Kg3 Ke5 78. Rf8
Bf7 79. Rb8 Ra3 80. Rb4 Bd5 81. Rf4 Ra8 82. Rg4 Rf8 83. f4+ Kd4 84. f5+ Ke5 85.
Rg5 Be4 86. f6+ Bf5 87. Kf2 Rxf6 88. Ke3 Ra6 89. Rg3 Ra2 90. Rf3 Be4 91. Rg3
Bf5 92. Rf3 Bg4 93. Rg3 Ra4 94. Kd2 Kf4 95. Rb3 Be6 96. Rb6 Bd5 97. Rb2 Ke4 98.
Kc3 Ke3 99. Rb4 Ra3+ 100. Kb2 Ra8 101. Kc3 Rc8+ 102. Kb2 Kd3 103. Ka3 Bc4 104.
Rb2 Ra8+ 105. Kb4 Kd4 106. Rd2+ Bd3 107. Rb2 Ra7 108. Rb3 Ra8 109. Rb2 Ra1 110.
Rb3 Bc4 111. Rb2 Rd1 112. Ka3 Kc5 113. Rb7 Rd2 114. Rc7+ Kd4 115. Kb4 Rb2+ 116.
Ka5 Kd5 117. Rc8 Rb5+ 118. Ka4 Kd4 119. Rh8 Rb1 120. Rh3 Bd3 121. Ka5 Kc3 122.
Rg3 Rb5+ 123. Ka4 Rh5 124. Rf3 Rh1 125. Ka5 Rh6 0-1

[Event "The USA Championship 2019"]
[Site "Saint Louis USA"]
[Date "2019.03.27"]
[Round "7"]
[White "Dominguez Perez, Leinier"]
[Black "Lenderman, Aleksandr"]
[Result "1-0"]
[WhiteElo "2739"]
[BlackElo "2637"]
[PlyCount "91"]
[EventDate "2019.03.20"]

1. e4 c5 2. Nf3 e6 3. d4 cxd4 4. Nxd4 Nf6 5. Nc3 Nc6 6. Ndb5 Bb4 7. a3 Bxc3+ 8.
Nxc3 d5 9. exd5 exd5 10. Bd3 O-O 11. O-O d4 12. Ne2 Bg4 13. Bg5 h6 14. Bh4 Bxe2
15. Qxe2 Re8 16. Qf3 Ne5 17. Qxb7 Nxd3 18. cxd3 Qd5 19. Qxd5 Nxd5 20. Bg3 Re2
21. Rab1 f5 22. Bd6 Rc8 23. Rfe1 Rxe1+ 24. Rxe1 Rc2 25. Rb1 Rd2 26. Be5 Rxd3
27. Kf1 Kf7 28. Ke2 Rxa3 29. bxa3 Nc3+ 30. Kd3 Nxb1 31. a4 Nc3 32. a5 Nb5 33.
Bxd4 g5 34. Bb2 Ke6 35. Kc4 Nd6+ 36. Kc5 Nb7+ 37. Kb5 Kd5 38. Ka6 Nxa5 39. Kxa5
Ke4 40. Bc1 f4 41. h4 Kd3 42. hxg5 hxg5 43. g3 Ke4 44. gxf4 gxf4 45. Ba3 Kd5
46. Ka6 1-0

[Event "The USA Championship 2019"]
[Site "Saint Louis USA"]
[Date "2019.03.27"]
[Round "7"]
[White "Robson, Ray"]
[Black "Sevian, Samuel"]
[Result "0-1"]
[WhiteElo "2667"]
[BlackElo "2642"]
[PlyCount "50"]
[EventDate "2019.03.20"]

1. e4 e5 2. Nf3 Nc6 3. Bb5 Nf6 4. d3 Bc5 5. Bxc6 dxc6 6. O-O Nd7 7. c3 O-O 8.
d4 Bd6 9. Bg5 f6 10. Bh4 Qe8 11. Nbd2 Nb6 12. h3 exd4 13. cxd4 Qg6 14. Kh1 Be6
15. a3 Bf4 16. Re1 f5 17. exf5 Bxf5 18. Qb3+ Nd5 19. Qxb7 Rab8 20. Qxa7 Rxb2
21. Nc4 Bxh3 22. gxh3 Qd3 23. Kg2 Bd6 24. Ng1 Rfxf2+ 25. Bxf2 Qg3+ 0-1

[Event "The USA Championship 2019"]
[Site "Saint Louis USA"]
[Date "2019.03.27"]
[Round "7"]
[White "Shankland, Samuel"]
[Black "Liang, Awonder"]
[Result "1/2-1/2"]
[WhiteElo "2731"]
[BlackElo "2590"]
[PlyCount "116"]
[EventDate "2019.03.20"]

1. d4 Nf6 2. Bf4 e6 3. e3 d5 4. Nf3 Bd6 5. Be2 O-O 6. O-O b6 7. Bxd6 cxd6 8. c4
dxc4 9. Bxc4 Bb7 10. Nc3 Nc6 11. Rc1 Ne7 12. Bd3 Ned5 13. Nxd5 Bxd5 14. Qa4 a6
15. Nd2 b5 16. Qa3 Qb6 17. Rc2 e5 18. Qb4 exd4 19. Qxd4 Qxd4 20. exd4 Rfc8 21.
Rfc1 Rxc2 22. Rxc2 Kf8 23. a3 Ke8 24. f3 Kd7 25. Kf2 g6 26. Ne4 Nxe4+ 27. fxe4
Bb7 28. Kg3 Rc8 29. Rxc8 Bxc8 30. Kf4 f6 31. e5 Ke7 32. h4 Bd7 33. b4 d5 34.
exf6+ Kxf6 35. g4 Be8 36. g5+ Ke6 37. Be2 Kd6 38. Bg4 Bf7 39. Bd1 Be6 40. Bc2
Bf7 41. h5 Be8 42. h6 Bf7 43. a4 Be8 44. a5 Bf7 45. Bb1 Be8 46. Bd3 Bf7 47. Be2
Be6 48. Bd3 Bf7 49. Bc2 Be8 50. Bd1 Bf7 51. Bg4 Be6 52. Bf3 Bf7 53. Bd1 Be6 54.
Be2 Bf7 55. Bd3 Be8 56. Bf1 Bf7 57. Be2 Be6 58. Bd3 Bf7 1/2-1/2

[Event "Sharjah Masters 2019"]
[Site "Sharjah UAE"]
[Date "2019.03.24"]
[Round "3"]
[White "Le, Quang Liem"]
[Black "Venkatesh, M.R."]
[Result "1-0"]
[WhiteElo "2715"]
[BlackElo "2517"]
[PlyCount "113"]
[EventDate "2019.03.22"]

1. e4 e5 2. Nf3 Nc6 3. Bb5 a6 4. Ba4 Nf6 5. d3 d6 6. c3 g6 7. O-O Bg7 8. Re1
O-O 9. Nbd2 Bd7 10. Nf1 Ne7 11. d4 Bxa4 12. Qxa4 Qd7 13. Qc2 Nc6 14. Ng3 h6 15.
h3 Rae8 16. Be3 Kh7 17. Rad1 Qc8 18. c4 Nd7 19. Re2 b6 20. dxe5 Ndxe5 21. Nd2
Nd7 22. Nb1 Nc5 23. Nc3 h5 24. Nd5 h4 25. Nf1 Ne6 26. Red2 Nc5 27. f3 a5 28.
Bg5 Nb4 29. Nxb4 axb4 30. Bxh4 f5 31. exf5 Qxf5 32. Bf2 Qxc2 33. Rxc2 Na4 34.
Rdd2 Rf4 35. Ne3 Rd4 36. Nd1 Rxd2 37. Rxd2 Ra8 38. Re2 Kg8 39. b3 Nb2 40. Nxb2
Rxa2 41. Re8+ Kf7 42. Rc8 Ra1+ 43. Kh2 Bxb2 44. Rxc7+ Ke6 45. h4 Rb1 46. Rc6
Be5+ 47. Bg3 Rxb3 48. Rxb6 Bxg3+ 49. Kxg3 Ke5 50. Kg4 Rb1 51. Kg5 b3 52. Kxg6
b2 53. h5 Kd4 54. h6 Kc3 55. h7 Rh1 56. f4 Kc2 57. f5 1-0

[Event "Sharjah Masters 2019"]
[Site "Sharjah UAE"]
[Date "2019.03.24"]
[Round "3"]
[White "Wang, Hao"]
[Black "Darini, Pouria"]
[Result "1-0"]
[WhiteElo "2718"]
[BlackElo "2474"]
[PlyCount "51"]
[EventDate "2019.03.22"]

1. e4 c5 2. Nf3 d6 3. d4 cxd4 4. Nxd4 Nf6 5. Nc3 a6 6. Be3 e5 7. Nb3 Be6 8. f3
h5 9. Nd5 Bxd5 10. exd5 Nbd7 11. Qd2 g6 12. Be2 Bg7 13. O-O-O a5 14. a4 O-O 15.
g4 Nb6 16. gxh5 Nxh5 17. Bb5 Qc7 18. Qc3 Qd8 19. Kb1 Nf6 20. Bg5 Nbxd5 21. Qd2
Qc7 22. h4 Nf4 23. Qxd6 Qxd6 24. Rxd6 N6d5 25. Rd7 Rfc8 26. Rxb7 1-0

[Event "Sharjah Masters 2019"]
[Site "Sharjah UAE"]
[Date "2019.03.24"]
[Round "3"]
[White "Akshat, Khamparia"]
[Black "Fedoseev, Vladimir3"]
[Result "0-1"]
[WhiteElo "2415"]
[BlackElo "2715"]
[PlyCount "58"]
[EventDate "2019.03.22"]

1. d4 f5 2. Bg5 h6 3. Bh4 g5 4. Bg3 Nf6 5. e3 d6 6. h4 g4 7. h5 Bg7 8. Ne2 Be6
9. Nf4 Bf7 10. Bd3 Qd7 11. c3 Nc6 12. Qc2 e6 13. d5 Ne5 14. dxe6 Bxe6 15. Nd2
Nxd3+ 16. Qxd3 Bf7 17. f3 O-O 18. Kf2 a5 19. Nb3 c5 20. Nd2 d5 21. Rad1 b5 22.
Ng6 Rfe8 23. Nf1 Nxh5 24. Nf4 Nf6 25. Bh4 d4 26. cxd4 cxd4 27. b3 Nd5 28. Nxd5
Bxd5 29. exd4 f4 0-1

[Event "Sharjah Masters 2019"]
[Site "Sharjah UAE"]
[Date "2019.03.25"]
[Round "4"]
[White "Iturrizaga Bonelli, Eduardo"]
[Black "Le, Quang Liem"]
[Result "1/2-1/2"]
[WhiteElo "2639"]
[BlackElo "2715"]
[PlyCount "78"]
[EventDate "2019.03.22"]

1. c4 Nf6 2. Nc3 e5 3. Nf3 Nc6 4. e3 Bb4 5. Qc2 Bxc3 6. bxc3 O-O 7. e4 d6 8. g3
a6 9. Bg2 b5 10. O-O h6 11. d4 Bg4 12. Be3 bxc4 13. Rfe1 Rb8 14. Nd2 exd4 15.
cxd4 d5 16. exd5 Nb4 17. Qxc4 Nfxd5 18. Ne4 Be6 19. Qe2 Bf5 20. Rac1 Re8 21.
Nc5 Nf6 22. Qc4 a5 23. Bd2 Rxe1+ 24. Bxe1 c6 25. a3 Nbd5 26. Qa4 Qb6 27. Bxa5
Qb2 28. Rf1 Kh7 29. Qxc6 Qxd4 30. Qd6 Rb5 31. Bb4 Qc4 32. Qe5 Bg6 33. Bxd5 Nxd5
34. Nd7 Nxb4 35. Qe8 Bd3 36. Nf8+ Kg8 37. Nd7+ Kh7 38. Nf8+ Kg8 39. Ne6+ Kh7
1/2-1/2

[Event "Sharjah Masters 2019"]
[Site "Sharjah UAE"]
[Date "2019.03.25"]
[Round "4"]
[White "Fier, Alexandr"]
[Black "Wang, Hao"]
[Result "0-1"]
[WhiteElo "2551"]
[BlackElo "2718"]
[PlyCount "64"]
[EventDate "2019.03.22"]

1. d4 Nf6 2. c4 e6 3. Nc3 Bb4 4. Qc2 O-O 5. Nf3 d6 6. Bd2 b6 7. e4 e5 8. d5 Nh5
9. g3 f5 10. Be2 fxe4 11. Nxe4 Bxd2+ 12. Nfxd2 Nf6 13. O-O Nxe4 14. Nxe4 a5 15.
f4 exf4 16. Bd3 Na6 17. a3 h6 18. gxf4 Qh4 19. Qd2 Nc5 20. Nxc5 bxc5 21. Rf2 a4
22. f5 Bxf5 23. Bxf5 Rxf5 24. Rxf5 Qg4+ 25. Qg2 Qxf5 26. Re1 Rb8 27. h3 Qf6 28.
Kh1 Rxb2 29. Qg4 Rb8 30. Kg2 Qb2+ 31. Re2 Qxa3 32. Qg6 Rf8 0-1

[Event "Sharjah Masters 2019"]
[Site "Sharjah UAE"]
[Date "2019.03.25"]
[Round "4"]
[White "Fedoseev, Vladimir3"]
[Black "Debashis, Das"]
[Result "1-0"]
[WhiteElo "2715"]
[BlackElo "2532"]
[PlyCount "127"]
[EventDate "2019.03.22"]

1. e4 e5 2. Nf3 Nf6 3. Nxe5 d6 4. Nf3 Nxe4 5. Bd3 Nf6 6. O-O Be7 7. c3 O-O 8.
Bc2 Bg4 9. d4 Bh5 10. Re1 Nbd7 11. Bg5 Re8 12. Nbd2 Bg6 13. Bb3 h6 14. Bf4 c6
15. h3 d5 16. c4 Nb6 17. c5 Nbd7 18. Bc2 Bxc2 19. Qxc2 Bf8 20. a3 Rxe1+ 21.
Rxe1 Qa5 22. Qd3 Qa4 23. Ra1 Nxc5 24. Qb1 Nce4 25. Qd3 Qa5 26. b4 Qd8 27. Nb3
Bd6 28. Be5 Bxe5 29. dxe5 Nd7 30. Re1 Qc7 31. Qe3 a6 32. e6 fxe6 33. Nfd2 Ndf6
34. Nxe4 Nxe4 35. f3 Nf6 36. Qxe6+ Qf7 37. Na5 Qxe6 38. Rxe6 Kf7 39. Re2 Rb8
40. Kf2 Ne8 41. Rc2 Nd6 42. a4 Ke6 43. Nb3 Re8 44. Nc5+ Kf6 45. h4 h5 46. Rc1
Re7 47. Rg1 Nf7 48. Rd1 Nd8 49. Nd3 Ne6 50. Re1 a5 51. bxa5 c5 52. g4 hxg4 53.
fxg4 Rf7 54. g5+ Ke7+ 55. Kg3 Kd6 56. Rb1 Nd4 57. Rb6+ Nc6 58. a6 Rf8 59. axb7
Kc7 60. Nxc5 Kxb6 61. Nd7+ Ka5 62. Nxf8 d4 63. Nd7 Kxa4 64. Ne5 1-0

[Event "Sharjah Masters 2019"]
[Site "Sharjah UAE"]
[Date "2019.03.26"]
[Round "5"]
[White "Le, Quang Liem"]
[Black "Inarkiev, Ernesto"]
[Result "1/2-1/2"]
[WhiteElo "2715"]
[BlackElo "2692"]
[PlyCount "57"]
[EventDate "2019.03.22"]

1. e4 e5 2. Nf3 Nc6 3. Bb5 a6 4. Ba4 Nf6 5. O-O Be7 6. d3 b5 7. Bb3 d6 8. a4
Bd7 9. c3 Na5 10. Bc2 c5 11. Nbd2 O-O 12. Re1 Nc6 13. h3 h6 14. Nf1 Be6 15. Ne3
Re8 16. Bb3 Bf8 17. Bxe6 fxe6 18. Ng4 b4 19. Nxf6+ Qxf6 20. Nh2 Be7 21. Re3 Kh7
22. Rf3 Qg6 23. Rg3 Qf7 24. Be3 bxc3 25. bxc3 Rab8 26. Rf3 Qg6 27. Rg3 Qf7 28.
Rf3 Qg6 29. Rg3 1/2-1/2

[Event "Sharjah Masters 2019"]
[Site "Sharjah UAE"]
[Date "2019.03.26"]
[Round "5"]
[White "Wang, Hao"]
[Black "Iturrizaga Bonelli, Eduardo"]
[Result "1-0"]
[WhiteElo "2718"]
[BlackElo "2639"]
[PlyCount "67"]
[EventDate "2019.03.22"]

1. d4 Nf6 2. c4 e6 3. g3 c5 4. d5 exd5 5. cxd5 g6 6. Nc3 Bg7 7. Nf3 O-O 8. Bg2
d6 9. O-O Na6 10. Bf4 Re8 11. Re1 Bf5 12. Nd2 Nh5 13. e4 Nxf4 14. gxf4 Bd7 15.
Nc4 Qf6 16. e5 Qxf4 17. Re4 Qh6 18. e6 fxe6 19. Nxd6 Re7 20. dxe6 Bc6 21. Nd5
Bxd5 22. Qxd5 Rf8 23. Nf7 Qh5 24. Qxh5 gxh5 25. Rd1 Nc7 26. Bh3 Bxb2 27. Nh6+
Kh8 28. Rd7 Rg7+ 29. Kf1 Rxd7 30. exd7 Bf6 31. Rf4 Kg7 32. Nf5+ Kg6 33. Nd6 Nd5
34. Rf3 1-0

[Event "Sharjah Masters 2019"]
[Site "Sharjah UAE"]
[Date "2019.03.26"]
[Round "5"]
[White "Zubov, Alexander"]
[Black "Fedoseev, Vladimir3"]
[Result "1/2-1/2"]
[WhiteElo "2605"]
[BlackElo "2715"]
[PlyCount "37"]
[EventDate "2019.03.22"]

1. d4 Nf6 2. c4 e6 3. Nf3 d5 4. Nc3 Nbd7 5. cxd5 exd5 6. Bg5 c6 7. Qc2 Be7 8.
e3 Nf8 9. Bd3 Ne6 10. Bh4 g6 11. O-O O-O 12. Rab1 a5 13. a3 Ng7 14. b4 axb4 15.
axb4 Bf5 16. b5 Bxd3 17. Qxd3 Nf5 18. Bxf6 Bxf6 19. bxc6 1/2-1/2

[Event "Sharjah Masters 2019"]
[Site "Sharjah UAE"]
[Date "2019.03.27"]
[Round "6"]
[White "Maghsoodloo, Parham"]
[Black "Wang, Hao"]
[Result "1/2-1/2"]
[WhiteElo "2673"]
[BlackElo "2718"]
[PlyCount "28"]
[EventDate "2019.03.22"]

1. Nf3 d5 2. c4 d4 3. b4 f6 4. e3 e5 5. c5 a5 6. Qa4+ Qd7 7. Bb5 c6 8. Bc4 Ne7
9. b5 Nd5 10. Ba3 Nc7 11. bxc6 Nxc6 12. O-O Nb4 13. Qb3 Bxc5 14. exd4 b5
1/2-1/2

[Event "Sharjah Masters 2019"]
[Site "Sharjah UAE"]
[Date "2019.03.27"]
[Round "6"]
[White "Fedoseev, Vladimir3"]
[Black "Abdusattorov, Nodirbek"]
[Result "1/2-1/2"]
[WhiteElo "2715"]
[BlackElo "2560"]
[PlyCount "84"]
[EventDate "2019.03.22"]

1. d4 Nf6 2. c4 e6 3. Nf3 b6 4. g3 Bb7 5. Bg2 Be7 6. O-O O-O 7. b3 d5 8. cxd5
exd5 9. Bb2 Nbd7 10. Nc3 Re8 11. a3 a6 12. Ne5 Bf8 13. Nd3 Ne4 14. Qc2 Bd6 15.
e3 Qe7 16. Nb4 Bxb4 17. axb4 Nxc3 18. Bxc3 Nf6 19. Rfe1 Ne4 20. f3 Nxc3 21.
Qxc3 Qd6 22. Rac1 Re7 23. e4 dxe4 24. fxe4 Qd7 25. d5 Rae8 26. Rf1 Qd6 27. Rfd1
f6 28. Rd4 b5 29. Qc5 Qe5 30. Bh3 Bc8 31. Bxc8 Rxc8 32. d6 Qxc5 33. bxc5 Rd7
34. Ra1 cxd6 35. Rxd6 Rxd6 36. cxd6 Rc6 37. Rd1 Rc8 38. d7 Rd8 39. b4 Kf7 40.
Rd6 Ke7 41. Rxa6 Rxd7 42. Rb6 Rd1+ 1/2-1/2

[Event "Sharjah Masters 2019"]
[Site "Sharjah UAE"]
[Date "2019.03.27"]
[Round "6"]
[White "Yakubboev, Nodirbek"]
[Black "Le, Quang Liem"]
[Result "1-0"]
[WhiteElo "2569"]
[BlackElo "2715"]
[PlyCount "107"]
[EventDate "2019.03.22"]

1. d4 Nf6 2. c4 g6 3. Nc3 d5 4. cxd5 Nxd5 5. e4 Nxc3 6. bxc3 Bg7 7. Bc4 c5 8.
Ne2 Nc6 9. Be3 O-O 10. O-O b6 11. dxc5 Qc7 12. Nd4 Ne5 13. Nb5 Qb8 14. Be2 bxc5
15. Bxc5 a6 16. Nd4 Qc7 17. Nb3 a5 18. Bd4 a4 19. Nc5 Rd8 20. Qc1 Ng4 21. Bxg4
Bxg4 22. h3 e5 23. Be3 Be2 24. Re1 Bc4 25. Qc2 Bf8 26. Nxa4 Bd3 27. Qb3 Qc6 28.
Nb6 Ra3 29. Qb2 Bxe4 30. f3 Bf5 31. Bf2 Rxc3 32. Rac1 Bb4 33. a3 Ba5 34. Rxc3
Bxc3 35. Qc1 Rd2 36. Rd1 Rc2 37. Qh6 Bd4 38. Rxd4 exd4 39. Bxd4 f6 40. Qe3 Kf7
41. a4 Rc1+ 42. Kf2 g5 43. a5 Qc2+ 44. Kg3 Qc7+ 45. f4 Re1 46. Qb3+ Be6 47. Qf3
Kg6 48. a6 h5 49. a7 h4+ 50. Kf2 Qc1 51. Qd3+ Bf5 52. a8=Q Bxd3 53. Qg8+ Kf5
54. Qh7+ 1-0

[Event "European Championship 2019"]
[Site "Skopje MKD"]
[Date "2019.03.24"]
[Round "6"]
[White "Rakhmanov, Aleksandr"]
[Black "Dubov, Daniil"]
[Result "1/2-1/2"]
[WhiteElo "2629"]
[BlackElo "2703"]
[PlyCount "80"]
[EventDate "2019.03.18"]

1. Nf3 d5 2. g3 g6 3. Bg2 Bg7 4. d4 Nf6 5. O-O O-O 6. Nbd2 c5 7. dxc5 Nc6 8.
Nb3 e5 9. h3 h6 10. c3 Be6 11. Be3 a5 12. Ne1 a4 13. Nd2 a3 14. bxa3 Rxa3 15.
Qc1 Qa8 16. Nd3 Rxa2 17. Rxa2 Qxa2 18. Qb1 Qa8 19. Qb2 Qc8 20. Kh2 e4 21. Nb4
Ne7 22. Bd4 Nf5 23. Nc2 Re8 24. Rb1 Re7 25. Ne3 Nxd4 26. cxd4 h5 27. h4 Bh6 28.
Ndf1 g5 29. hxg5 Bxg5 30. Qb6 Rd7 31. Rc1 Rc7 32. Ra1 h4 33. Ra7 Kg7 34. Kg1
Rd7 35. gxh4 Bxh4 36. Ng3 Kg6 37. Nef1 Kg7 38. Ne3 Bxg3 39. fxg3 Nh5 40. Nf1
Bg4 1/2-1/2

[Event "European Championship 2019"]
[Site "Skopje MKD"]
[Date "2019.03.24"]
[Round "6"]
[White "Kovalev, Vladislav"]
[Black "Chigaev, Maksim"]
[Result "1/2-1/2"]
[WhiteElo "2703"]
[BlackElo "2613"]
[PlyCount "37"]
[EventDate "2019.03.18"]

1. e4 e5 2. Nf3 Nc6 3. Bb5 a6 4. Ba4 Nf6 5. O-O Be7 6. d3 d6 7. c3 O-O 8. Re1
Re8 9. Nbd2 Bf8 10. Nf1 h6 11. Ng3 b5 12. Bc2 d5 13. exd5 Qxd5 14. a4 Bb7 15.
Bd2 b4 16. Ne4 Qd8 17. Qe2 a5 18. Nxf6+ Qxf6 19. Be3 1/2-1/2

[Event "European Championship 2019"]
[Site "Skopje MKD"]
[Date "2019.03.24"]
[Round "6"]
[White "Hracek, Zbynek"]
[Black "Mamedov, Rauf"]
[Result "1-0"]
[WhiteElo "2578"]
[BlackElo "2701"]
[PlyCount "59"]
[EventDate "2019.03.18"]

1. e4 c5 2. Nf3 d6 3. d4 cxd4 4. Nxd4 Nf6 5. Nc3 g6 6. Be3 Bg7 7. f3 Nc6 8. Qd2
O-O 9. O-O-O d5 10. exd5 Nxd5 11. Nxc6 bxc6 12. Bd4 Bxd4 13. Qxd4 Qb6 14. Na4
Qa5 15. b3 Qc7 16. Bc4 Rd8 17. g3 Bf5 18. Qc5 Qe5 19. Qd4 Qc7 20. Qc5 Nb6 21.
Nb2 Rd6 22. Rhe1 Rad8 23. Bf1 Be6 24. Rd3 Rd5 25. Rxd5 Rxd5 26. Qc3 Qd6 27. Nc4
Qc5 28. Kb2 Rf5 29. Ne5 Qf2 30. Ng4 1-0

[Event "European Championship 2019"]
[Site "Skopje MKD"]
[Date "2019.03.24"]
[Round "6"]
[White "Tomashevsky, Evgeny"]
[Black "Aleksandrov, Aleksej"]
[Result "1/2-1/2"]
[WhiteElo "2705"]
[BlackElo "2574"]
[PlyCount "133"]
[EventDate "2019.03.18"]

1. c4 e6 2. Nc3 d5 3. d4 Bb4 4. a3 Bxc3+ 5. bxc3 c5 6. e3 Nf6 7. cxd5 exd5 8.
Bd3 O-O 9. Ne2 b6 10. O-O Re8 11. Ra2 Ba6 12. Bxa6 Nxa6 13. Qd3 Nc7 14. dxc5
bxc5 15. c4 Qe7 16. cxd5 Rad8 17. Rc2 Rxd5 18. Qc4 Qd7 19. Ng3 Nb5 20. Qa4 Nd6
21. Qxd7 Nxd7 22. Ne2 g5 23. f3 f5 24. h4 h6 25. hxg5 hxg5 26. Nc3 Rd3 27. Na4
c4 28. Nb2 Rd5 29. Nxc4 Rc8 30. Rd2 Rxd2 31. Nxd2 Ne5 32. Bb2 Nd3 33. Bf6 Rc2
34. Nb3 Nc4 35. Bxg5 Kf7 36. Nd4 Ra2 37. Rd1 Ncb2 38. Rb1 Kg6 39. Be7 Nc4 40.
Rb3 Rd2 41. Ne2 Nxe3 42. Rxd3 Rxd3 43. Nf4+ Kf7 44. Nxd3 Kxe7 45. Nb4 Nc4 46.
Nc2 f4 47. Kf2 Kf6 48. Ke2 Nb2 49. Kd2 Kg5 50. Kc3 Nd1+ 51. Kd2 Nb2 52. Kc3
Nd1+ 53. Kd4 Kh4 54. Ke5 Kg3 55. Nd4 Nc3 56. Nf5+ Kxg2 57. Kxf4 Nb1 58. Ne3+
Kf2 59. Nc4 Ke2 60. Ke4 Nc3+ 61. Kd4 Nb5+ 62. Kc5 Nxa3 63. f4 Kd3 64. Nd6 Nc4
65. f5 Ne3 66. f6 Ng4 67. f7 1/2-1/2

[Event "European Championship 2019"]
[Site "Skopje MKD"]
[Date "2019.03.24"]
[Round "6"]
[White "Saric, Ivan"]
[Black "Huzman, Alexander"]
[Result "0-1"]
[WhiteElo "2703"]
[BlackElo "2582"]
[PlyCount "96"]
[EventDate "2019.03.18"]

1. e4 e5 2. Nf3 Nf6 3. Nxe5 d6 4. Nf3 Nxe4 5. d4 d5 6. Bd3 Be7 7. O-O Bf5 8.
Ne5 Nd7 9. Nc3 Nxc3 10. bxc3 Bxd3 11. cxd3 O-O 12. Rb1 Nxe5 13. dxe5 Rb8 14.
Be3 b5 15. Bxa7 Ra8 16. Bd4 Qd7 17. Rb2 Ra3 18. Qb1 c6 19. f4 Qf5 20. h3 h5 21.
Qd1 h4 22. Qd2 Rfa8 23. Re1 R8a4 24. Kh1 c5 25. Bg1 b4 26. e6 bxc3 27. Rb8+ Kh7
28. Qd1 c2 29. Qxc2 Rxa2 30. Qd1 Ra1 31. Rb1 Rxb1 32. Qxb1 fxe6 33. Re5 Rb4 34.
Qc2 Qxf4 35. d4+ Kg8 36. Rxe6 Bf8 37. dxc5 Rc4 38. Qd3 Rc1 39. Qxd5 Kh8 40.
Qh5+ Kg8 41. Qd5 Kh7 42. Re5 g6 43. c6 Qf2 44. Rh5+ gxh5 45. Qe4+ Kg7 46. Qe5+
Qf6 47. Qxh5 Bc5 48. Qg4+ Kh6 0-1

[Event "European Championship 2019"]
[Site "Skopje MKD"]
[Date "2019.03.24"]
[Round "6"]
[White "Vallejo Pons, Francisco"]
[Black "Valsecchi, Alessio"]
[Result "1/2-1/2"]
[WhiteElo "2698"]
[BlackElo "2515"]
[PlyCount "254"]
[EventDate "2019.03.18"]

1. e4 c5 2. Nf3 Nc6 3. d4 cxd4 4. Nxd4 Nf6 5. Nc3 e5 6. Ndb5 d6 7. Bg5 a6 8.
Na3 b5 9. Nd5 Be7 10. Bxf6 Bxf6 11. c3 O-O 12. Nc2 Rb8 13. h4 Be7 14. Bd3 Be6
15. Nce3 Qd7 16. Nf5 Kh8 17. Bc2 Bd8 18. Qd3 Ne7 19. Nfxe7 Bxe7 20. O-O-O Bd8
21. f4 Qb7 22. f5 Bxd5 23. Qxd5 b4 24. Qxb7 Rxb7 25. cxb4 Rxb4 26. Rxd6 a5 27.
Rh3 h6 28. Rd5 g6 29. fxg6 fxg6 30. Rf3 Re8 31. g3 Rb7 32. Ba4 Rg8 33. Rxe5 Kg7
34. Rd5 Re7 35. e5 Bc7 36. Re3 Rf8 37. e6 Rf2 38. Bd7 Kf6 39. Rd2 Rf5 40. Kd1
g5 41. hxg5+ hxg5 42. Rh2 Rd5+ 43. Rd2 Rxd2+ 44. Kxd2 Rh7 45. Kd3 g4 46. Ba4
Be5 47. Bb3 Bxb2 48. Re4 Be5 49. Rxg4 Rh3 50. Ke2 Rxg3 51. Ra4 Bc7 52. Rc4 Bd6
53. Rh4 Rc3 54. Rh6+ Kg7 55. Rh1 Rc5 56. Kd3 Kf6 57. Rh6+ Kg7 58. Rh1 Kf6 59.
Rh7 Rc7 60. Rh6+ Kg7 61. Rh1 Kf6 62. Kd4 Bb4 63. Rh6+ Ke7 64. Ke5 Bd6+ 65. Kf5
Bb4 66. Rh7+ Kd6 67. Rh4 Ke7 68. Kg6 Kd6 69. Re4 Bc3 70. Re3 Ke7 71. Rf3 Bb4
72. Rd3 a4 73. Bd5 Rc5 74. Kf5 Rc2 75. Bf3 Rc5+ 76. Bd5 Rc2 77. Re3 Rf2+ 78.
Ke5 Bd6+ 79. Kd4 Rf4+ 80. Kc3 Bb4+ 81. Kb2 Rd4 82. Re5 Rd2+ 83. Kc1 Rd4 84. Bf3
Rf4 85. Bd1 Rc4+ 86. Bc2 Rc6 87. Re4 Ba3+ 88. Kd2 Rxe6 89. Rxa4 Bc5 90. Kc3 Re5
91. Ra8 Kd6 92. a4 Bb6 93. Kb4 Kc7 94. Rg8 Bc5+ 95. Kc4 Be7 96. Bd3 Ra5 97. Kb3
Rd5 98. Kc3 Bf6+ 99. Kc2 Rc5+ 100. Kd2 Bc3+ 101. Ke3 Re5+ 102. Be4 Rc5 103. Rg6
Be5 104. Ra6 Rc3+ 105. Ke2 Bd4 106. Bd3 Kb7 107. Rd6 Bb6 108. Rd7+ Kc6 109. Rh7
Bc5 110. a5 Ra3 111. a6 Bd4 112. Rh6+ Kc7 113. Rh4 Bc5 114. Bc4 Re3+ 115. Kd2
Re7 116. Kc3 Kb6 117. Rh6+ Ka7 118. Kb3 Rc7 119. Bb5 Bb6 120. Rg6 Rh7 121. Bc4
Rc7 122. Bb5 Rh7 123. Re6 Rg7 124. Be2 Rg3+ 125. Kb4 Re3 126. Bc4 Rxe6 127.
Bxe6 Kxa6 1/2-1/2

[Event "European Championship 2019"]
[Site "Skopje MKD"]
[Date "2019.03.25"]
[Round "7"]
[White "Gledura, Benjamin"]
[Black "Artemiev, Vladislav"]
[Result "1/2-1/2"]
[WhiteElo "2630"]
[BlackElo "2736"]
[PlyCount "102"]
[EventDate "2019.03.18"]

1. Nf3 d5 2. d4 Nf6 3. c4 c6 4. e3 Bf5 5. Nc3 e6 6. Nh4 Bg6 7. Be2 Nbd7 8. g3
Bd6 9. O-O dxc4 10. Bxc4 Nb6 11. Be2 O-O 12. Nxg6 hxg6 13. a4 a5 14. e4 e5 15.
Be3 Nbd7 16. Qb3 exd4 17. Bxd4 Bc5 18. Rad1 Bxd4 19. Rxd4 Nc5 20. Rxd8 Nxb3 21.
Rxa8 Rxa8 22. Rd1 Nc5 23. e5 Nfd7 24. f4 Nb6 25. b3 f6 26. exf6 gxf6 27. Kf2
Kf7 28. h4 f5 29. h5 Rh8 30. hxg6+ Kxg6 31. Bf3 Rh2+ 32. Bg2 Nbd7 33. g4 fxg4
34. Kg3 Rh8 35. Ne4 Kf5 36. Rd4 Rg8 37. b4 axb4 38. Rxb4 Ke6 39. f5+ Ke5 40.
Nxc5 Nxc5 41. Rc4 Nd7 42. Rxg4 Ra8 43. Rc4 Kf6 44. Be4 Rg8+ 45. Kf4 Rh8 46. Kg3
Rg8+ 47. Kf4 Rg1 48. Ke3 Ra1 49. Bc2 Ra3+ 50. Kd2 c5 51. Rc3 Rxc3 1/2-1/2